000 00603nam a2200205Ia 4500
005 20250508162328.0
008 008 250505s9999 xx 000 0 eng d
020 _a0-470-95515-5
037 _aTextual
040 _aFEDL
_beng
_cFEDL
041 _aeng
_2eng
084 _a371.26, WIN
_qFEDL
100 _aWinton Chester A
_9133522
245 0 _aTheory and measurement in sociology
260 _aNew York, USA
_bJohn Wiley and Sons
_c1974
300 _aiv,124p.
650 _aEducational - Test and Measurement
_9758070
942 _cTEXL
_h371.26, WIN
999 _c1375871
_d1375871